000 00484nam a2200181Ia 4500
005 20250508162023.0
008 008 250505s9999 xx 000 0 eng d
037 _aTextual
040 _aFEDL
_beng
_cFEDL
041 _aeng
_2eng
084 _aB, GOR
_qFEDL
100 _aGoarky Maxim
_9772070
245 0 _aMy apprenticeship my universities
260 _aMoscow, Russia
_bProgress Publishers
300 _a485p
942 _cTEXL
_hB, GOR
999 _c1373872
_d1373872